00280nam a22000857a 4500008004100000082001800041245008100059260004600140300000800186230619b xxu||||| |||| 00| 0 eng d a305.569bMPND aFirst Report on Poverty in Kenyab- Volume I: Incidence and Depth of Poverty aKenyabCentral Bureau of Statisticsc1998 a82p